Um dia na quinta (Registo nº 4431)

Detalhes MARC
000 -Etiqueta do registo
Cabeçalho 00547nam0a2200241 4500
005 - Identificador da versão
Campo de controlo 20240813122101.0
010 ## - Número internacional normalizado dos livros (ISBN)
Número (ISBN) 9726490553
021 ## - Número do Depósito Legal
Código do país PT
Número 20823/88
100 ## - Dados gerais de processamento
Dados gerais de processamento 20120125d1988 c y0pory5003 ba
102 ## - Pais de publicação ou produção
País de publicação Portugal
101 1# - Língua de publicação
Língua do texto, banda sonora, etc. Português
Língua do documento no original Francês
106 ## - Campo de dados codificados: material textual
Dados codificados do material textual r
105 ## - Campo de dados codificados: livros
Dados codificados dos livros a z 001yy
215 ## - Descrição física 
Outras indicações físicas il.
200 1# - Titulo e menção de responsabilidade
Título próprio Um dia na quinta
225 1# - Colecção 
Título próprio da colecção biblioteca dos coelhinhos
210 ## - Publicação, Distribuição, etc. 
Lugar da edição, distribuição, etc. Porto
Nome do editor, distribuidor, etc. Desabrochar
Data da publicação, distribuição, etc. 1988
304 ## - Notas relativas a título e menção de responsabilidade 
Texto da nota Tít. orig.:
966 ## - Identificação da Biblioteca
Sigla EBVendas
942 ## - Elementos de entrada adicionados (Koha)
Tipo de item no Koha Livro
Exemplares
Situação do levantamento Origin of item (home branch) (coded) Biblioteca de empréstimo Código de barras Cota Circulation type (not for loan) Tipo de documento Nota do exemplar Damaged status
  Biblioteca Escolar das Vendas Biblioteca Escolar das Vendas BEV1068 | 1988 0 PER   Livro Sem mensagem